Statistics for Countries and Capitals - A to Z

Click here to take the quiz!

General Stats

  • This quiz has been taken 1,141 times
  • The average score is 37 of 48

Answer Stats

LetterCountry% Correct
AAfghanistan Albania Algeria Andorra Angola Antigua and Barbuda Argentina Armenia Australia Austria Azerbaijan
99%
BBahamas Bahrain Bangladesh Barbados Belarus Belgium Belize Benin Bhutan Bolivia Bosnia and Herzegovina Botswana Brazil Brunei Bulgaria Burkina Faso Burma Burundi
95%
EEast Timor Ecuador Egypt El Salvador Equatorial Guinea Eritrea Estonia Ethiopia
93%
FFiji Finland France
93%
GGabon Gambia Georgia Germany Ghana Greece Grenada Guatemala Guinea Guinea-Bissau Guyana
93%
DDenmark Djibouti Dominica Dominican Republic
92%
IIceland India Indonesia Iran Iraq Ireland Israel Italy
92%
CCambodia Cameroon Canada Cape Verde Central African Republic Chad Chile China Colombia Comoros Congo, Democratic Republic of the Congo, Republic of the Costa Rica Côte d'Ivoire Croatia Cuba Cyprus Czech Republic
91%
HHaiti Honduras Hungary
91%
NNamibia Nauru Nepal Netherlands New Zealand Nicaragua Niger Nigeria North Korea Norway
91%
PPakistan Palau Panama Papua New Guinea Paraguay Peru Philippines Poland Portugal
91%
JJamaica Japan Jordan
90%
LLaos Latvia Lebanon Lesotho Liberia Libya Liechtenstein Lithuania Luxembourg
90%
KKazakhstan Kenya Kiribati Kosovo Kuwait Kyrgyzstan
89%
OOman
89%
QQatar
89%
UUganda Ukraine United Arab Emirates United Kingdom United States Uruguay Uzbekistan
89%
RRomania Russia Rwanda
88%
VVanuatu Vatican City Venezuela Vietnam
88%
ZZambia Zimbabwe
88%
TTaiwan Tajikistan Tanzania Thailand Togo Tonga Trinidad and Tobago Tunisia Turkey Turkmenistan Tuvalu
87%
YYemen
86%
MMacedonia Madagascar Malawi Malaysia Maldives Mali Malta Marshall Islands Mauritania Mauritius Mexico Micronesia Moldova Monaco Mongolia Montenegro Morocco Mozambique
85%
DDakar Damascus Dhaka Dili Djibouti Dodoma Doha Dublin Dushanbe
79%
LLibreville Lilongwe Lima Lisbon Ljubljana Lomé London Luanda Lusaka Luxembourg
79%
AAbu Dhabi Abuja Accra Addis Ababa Algiers Amman Amsterdam Andorra la Vella Ankara Antananarivo Apia Ashgabat Asmara Astana Asunción Athens
76%
CCairo Canberra Caracas Castries Chisinau Conakry Copenhagen
75%
SSaint Kitts and Nevis Saint Lucia Saint Vincent and the Grenadines Samoa San Marino São Tomé and Príncipe Saudi Arabia Senegal Serbia Seychelles Sierra Leone Singapore Slovakia Slovenia Solomon Islands Somalia South Africa South Korea South Sudan Spain Sri Lanka Sudan Suriname Swaziland Sweden Switzerland Syria
75%
WWarsaw Washington DC Wellington Windhoek
74%
VVaduz Valletta Vatican City Victoria Vienna Vientiane Vilnius
73%
PPalikir Panama City Paramaribo Paris Phnom Penh Podgorica Port Louis Port Moresby Port of Spain Port Vila Port-au-Prince Porto-Novo Prague Praia Pretoria Pristina Pyongyang
71%
OOslo Ottawa Ouagadougou
70%
KKabul Kampala Kathmandu Khartoum Kiev Kigali Kingston Kingstown Kinshasa Kuala Lumpur Kuwait City
69%
HHanoi Harare Havana Helsinki Honiara
67%
MMadrid Majuro Malabo Malé Managua Manama Manila Maputo Maseru Mbabane Melekeok Mexico City Minsk Mogadishu Monaco Monrovia Montevideo Moroni Moscow Muscat
67%
RRabat Reykjavík Riga Riyadh Rome Roseau
67%
JJakarta Jerusalem Juba
66%
BBaghdad Baku Bamako Bandar Seri Begawan Bangkok Bangui Banjul Basseterre Beijing Beirut Belgrade Belmopan Berlin Bern Bishkek Bissau Bogotá Brasília Bratislava Brazzaville Bridgetown Brussels Bucharest Budapest Buenos Aires Bujumbura
65%
TTaipei Tallinn Tarawa Atoll Tashkent Tbilisi Tegucigalpa Tehran Thimphu Tirana Tokyo Tripoli Tunis
64%
NNairobi Nassau N'Djamena New Delhi Niamey Nicosia Nouakchott Nukuʻalofa
62%
SSan José San Marino San Salvador Sana'a Santiago Santo Domingo São Tomé Sarajevo Seoul Singapore Skopje Sofia Sri Jayawardenepura Kotte (official) St. George's St. John's Stockholm Sucre Suva
62%
GGaborone Georgetown Guatemala City
56%
QQuito
54%
YYamoussoukro Yangon Yaoundé Yaren Yerevan
52%
ZZagreb
51%
UUlan Bator
49%
FFreetown Funafuti
48%
IIslamabad
46%

Score Distribution

Percentile by Number Answered

Percent of People with Each Score

Your Score History

You have not taken this quiz